000 00579cam a22002053a 4500
001 39470
003 PGUSA
005 20140828083857.0
008 120417s2012||||xxu|||||s|||||000 | eng d
040 _aPGUSA
_beng
042 _adc
100 1 _aHenty, G. A.
_q(George Alfred),
_d1832-1902
245 1 0 _aMarch to Magdala
_h[electronic resource] /
_cG. A. Henty
260 _bProject Gutenberg,
_c2012
506 _aPublic domain in the USA.
516 _aElectronic text
830 0 _aProject Gutenberg
_v39470
856 4 0 _uhttp://www.gutenberg.org/ebooks/39470
942 _cEB
999 _c268723
_d268723